| 000 | 00689nam a22001935i 4500 | ||
|---|---|---|---|
| 001 | 153399 | ||
| 003 | ES-MaACL | ||
| 005 | 20250808072551.0 | ||
| 008 | 991004s1885 fr |||| | fre d | ||
| 040 |
_aCAM _bspa _cCAM |
||
| 245 | 0 | 0 |
_aDe Sadowa a Sedan _b: mémoires d'un Ambassadeur secret aux Tuileries / _cOscar Meding ; publiés par Victor Tissot. |
| 250 | _a3\pème\s éd. | ||
| 260 |
_aParis : _bE. Dentu, éditeur, _c1885 ( _fImp. Paul Dupont) |
||
| 300 |
_aXIX, 322 p. ; _c18 cm. |
||
| 651 | 0 |
_aFrancia- _xHistoria- _y1789-1900- _vFuentes _9234084 |
|
| 700 | 1 | 1 |
_aTissot, Victor, _eed. lit. _9110345 |
| 852 |
_aES-MaACL _jD-2646 _z-- Rust. |
||
| 999 |
_c153399 _d153399 |
||